Biological Phychology: (Record no. 3453)
[ view plain ]
| 000 -LEADER | |
|---|---|
| fixed length control field | 00698nam a2200181 4500 |
| 008 - FIXED-LENGTH DATA ELEMENTS--GENERAL INFORMATION | |
| fixed length control field | 150825b xxu||||| |||| 00| 0 eng d |
| 020 ## - INTERNATIONAL STANDARD BOOK NUMBER | |
| International Standard Book Number | 0878937919 |
| 050 ## - LIBRARY OF CONGRESS CALL NUMBER | |
| Classification number | QP 360 .R658 1999 |
| 100 ## - MAIN ENTRY--PERSONAL NAME | |
| Personal name | Rosenzweig R. Mark |
| 245 ## - TITLE STATEMENT | |
| Title | Biological Phychology: |
| Remainder of title | An introduction to Behavioral, Cognitive , and Clinical Neuroscience/ |
| Statement of responsibility, etc. | Mark R. Rosenzweig,Arnold L. Leiman And S. Marc Breedlove |
| 250 ## - EDITION STATEMENT | |
| Edition statement | 2nd ed. |
| 260 ## - PUBLICATION, DISTRIBUTION, ETC. (IMPRINT) | |
| Place of publication, distribution, etc. | USA: |
| Name of publisher, distributor, etc. | Sinauer Associates, |
| Date of publication, distribution, etc. | 1999. |
| 300 ## - PHYSICAL DESCRIPTION | |
| Extent | xv, 561p.: |
| Other physical details | ill. |
| Dimensions | 28cm |
| 650 ## - SUBJECT ADDED ENTRY--TOPICAL TERM | |
| Topical term or geographic name as entry element | Psychobiology |
| 700 ## - ADDED ENTRY--PERSONAL NAME | |
| Personal name | Leiman L. Arnold |
| 700 ## - ADDED ENTRY--PERSONAL NAME | |
| Personal name | Breedlove Marc S. |
| 942 ## - ADDED ENTRY ELEMENTS (KOHA) | |
| Source of classification or shelving scheme | |
| Koha item type | Hard Covered Materials |
| Classification part | QP 360 .R658 1999 |
| Withdrawn status | Lost status | Source of classification or shelving scheme | Damaged status | Not for loan | Home library | Current library | Shelving location | Date acquired | Source of acquisition | Total Checkouts | Full call number | Barcode | Date last seen | Date last checked out | Price effective from | Koha item type |
|---|---|---|---|---|---|---|---|---|---|---|---|---|---|---|---|---|
| MACHAKOS UNIVERSITY LIBRARY | MACHAKOS UNIVERSITY LIBRARY | Open shelf | 25/08/2015 | Donation (B.F.A) | 2 | QP 360 .R658 1999 | 8020 | 10/06/2021 | 17/05/2021 | 25/08/2015 | Hard Covered Materials |